| 000 | 00396cam a2200157ua 4500 | ||
|---|---|---|---|
| 041 |
_aeng _h |
||
| 082 |
_a530.12 _bHOF/ST |
||
| 100 | _aHoffmann, Banesh . | ||
| 245 |
_aStrange story of the quantum / _cBanesh Hoffmann. _hTextual Documents |
||
| 250 |
_a2 / _b. |
||
| 260 |
_aNew York : _bDover Publications , _c1959. |
||
| 300 | _a285 ; . | ||
| 504 | _a | ||
| 942 | _cBK | ||
| 999 |
_c9061 _d9061 |
||